Famous Horses - Statistics

General Stats
  • This quiz has been taken 39 times
  • The average score is 5 of 15
Answer Stats
Hint Answer % Correct
Silver The Lone Ranger
66%
Marengo * Napoleon Bonaparte
62%
Bucephalus * Alexander the Great
59%
Trigger Roy Rogers
59%
Cincinnati * Ulysses S. Grant
41%
Traveller * Robert E. Lee
38%
Scout Tonto
38%
Blueskin * George Washington
28%
Burmese Queen Elizabeth II
24%
Tencendur * King Charlemagne
17%
Brown Beauty Paul Revere
14%
Little Texas * Theodore Roosevelt
10%
Champion Gene Autrey
7%
Llamrei and Hengroen King Arthur
7%
Red Fox Jesse James
0%
No matching quizzes found
Score Distribution
Percent of People with Each Score
Percentile by Number Answered
Your Score History
You have not taken this quiz